000 00324nam a22001457a 4500
003 SGT
020 _a9789351451495
082 _a346.08
_bVER
100 _aVERKY, ELIZABETH
245 _aINTELLECTUAL PROPERTY
250 _a1
260 _aLUCKNOW
_bEASTERN BOOK COMPANY
_c2015
300 _aLXIV ,632
942 _2ddc
_cBK
_024
999 _c19785
_d19785